Statistics for Top 50 Countries With The Shortest Women

Click here to take the quiz!

General Stats

  • This quiz has been taken 23 times
  • The average score is 26 of 50

Answer Stats

cmCountry% Correct
155.1India
95%
154.8Pakistan
95%
153.1Laos
90%
150.9Bangladesh
85%
154.7Cambodia
85%
154.3Indonesia
85%
157.0Malaysia
80%
154.8Peru
80%
153.1Philippines
80%
154.9Brunei
70%
152.7East Timor
70%
152.4Nepal
70%
156.1Afghanistan
65%
155.1Bhutan
65%
156.7El Salvador
65%
155.1Honduras
65%
155.5Nicaragua
65%
158.2Panama
65%
158.2Belize
60%
155.5Ecuador
60%
158.0Mexico
60%
154.7Myanmar
60%
155.8Sri Lanka
60%
152.3Guatemala
55%
155.6Bolivia
50%
157.1Ethiopia
45%
154.2Maldives
45%
156.7Rwanda
45%
155.0Burundi
40%
156.3DR Congo
40%
156.1Malawi
40%
157.8Nauru
40%
156.8Papua New Guinea
40%
153.0Madagascar
35%
155.4Mozambique
35%
158.1Nigeria
35%
156.9Tanzania
35%
157.3Zambia
35%
154.7Marshall Islands
30%
156.8Solomon Islands
30%
156.4Comoros
25%
157.5Eritrea
25%
156.5Liberia
25%
157.3Sierra Leone
25%
154.7Yemen
25%
158.1Angola
20%
156.7Lesotho
20%
158.3Bahrain
15%
158.1Tajikistan
15%
158.0Equatorial Guinea
10%

Score Distribution

Percentile by Number Answered

Percent of People with Each Score

Your Score History

You have not taken this quiz